Электрохимическое поведение осмия на твердых электродах и его инверсионно-вольтамперометрическое определение в промышленных объектах: диссертация на соискание ученой степени кандидата химических наук; спец.02.00.02.

Detalhes bibliográficos
Autor principal: Швец Л. А. Людмила Александровна
Autor Corporativo: Томский политехнический институт
Outros Autores: Колпакова Н. А. Нина Александровна (научный консультант), Стромберг А. Г. Армин Генрихович (научный руководитель)
Idioma:russo
Publicado em: Томск, 1987
Assuntos:
Formato: Livro
KOHA link:https://koha.lib.tpu.ru/cgi-bin/koha/opac-detail.pl?biblionumber=49100

MARC

LEADER 00000nbm0a2200000 4500
001 49100
005 20240312124145.0
035 |a (RuTPU)RU\TPU\book\51420 
090 |a 49100 
100 |a 20030325d1987 k y0rusy50 ca 
101 0 |a rus 
102 |a RU 
105 |a a m 001zy 
200 1 |a Электрохимическое поведение осмия на твердых электродах и его инверсионно-вольтамперометрическое определение в промышленных объектах  |e диссертация на соискание ученой степени кандидата химических наук  |e спец.02.00.02.  |f Л. А. Швец  |g Томский политехнический институт; науч. рук. А. Г. Стромберг;науч.конс. Н. А. Колпакова 
210 |a Томск  |d 1987 
215 |a 213 л.  |c ил. 
320 |a Библиогр.: с. 185-208 (199 назв.). 
606 1 |a Осмий  |x Электрохимия  |2 stltpush  |3 (RuTPU)RU\TPU\subj\75329  |9 87175 
610 1 |a аналитическая химия 
610 1 |a электрохимическое поведение 
610 1 |a электроды 
610 1 |a инверсионно-вольтамперометрическое определение 
610 1 |a промышленные объекты 
610 1 |a водные растворы 
610 1 |a физические свойства 
610 1 |a химические свойства 
610 1 |a электролиты 
610 1 |a уравнения 
610 1 |a характеристики 
610 1 |a оптимальные условия 
610 1 |a диссертации 
610 1 |a труды учёных ТПУ 
675 |a 546.94(04)  |v 3 
686 |a 02.00.02.  |2 oksvnk 
700 1 |a Швец  |b Л. А.  |g Людмила Александровна 
702 1 |a Колпакова  |b Н. А.  |c химик  |c девичья фамилия Полукарова  |c профессор Томского политехнического университета, доктор химических наук  |c Почетный химик России (1996 г.)  |f 1942-  |g Нина Александровна  |3 (RuTPU)RU\TPU\pers\21963  |4 695  |9 9282 
702 1 |a Стромберг  |b А. Г.  |c химик, специалист в области классической полярографии и инверсионной вольтамперометрии  |c профессор Томского политехнического института  |f 1910-2004  |g Армин Генрихович  |3 (RuTPU)RU\TPU\pers\11188  |4 727  |9 2478 
712 0 2 |a Томский политехнический институт  |c (1944-1991)  |3 (RuTPU)RU\TPU\col\1123  |9 23521 
801 1 |a RU  |b 63413507  |c 20030325  |g PSBO 
801 2 |a RU  |b 63413507  |c 20160407  |g PSBO 
942 |c BK